000 00263nam a2200109Ia 4500
008 200302s9999 xx 000 0 und d
100 _aJohn Bale
245 _aLandscapes of Modern Sport
260 _bLeicester University Press
260 _c1994
300 _a211 P.,
999 _c5627
_d5627